Krásna literatúra bulletin Slovenského vydavateľstva krásnej literatúry

Bibliographic Details
Previous Title:Nová literatúra
Corporate Authors: Slovenské vydavateľstvo krásnej literatúry, Polygrafické závody (Bratislava, Slovensko), Tlačiarenské závody Pravda (Bratislava, Slovensko), Tlačiarne SNP (Martin, Slovensko), Polygrafické závody (Bratislava, Slovensko). Závod Trnava
Other Authors: Albrechtová, Alžbeta, 1917- (Publishing director)
Format: Journal
Language:Slovak
PhysicalDescription:roč. 24 x 17 cm
Published: Bratislava Slovenské vydavateľstvo krásnej literatúry 1959-
Subjects:

MARC

LEADER 00000nas a22000001a 4500
001 vtls010299742
003 SK-MaSNL
005 20260228163003.0
008 110810u1959uuuuxo qr p r 0 b0slo
015 |a SNBDS17XX9999 
015 |a 0586  |2 Balúnová 1945-60 
015 |a 0270  |2 Janů 1961-65 
038 |a SNKBUDS 
040 |a SNK  |b slo  |c SNK  |e AACR2 
041 0 |a slo 
044 |a xo  |c SK 
080 |a 82  |2 2001 
080 |a 070.488  |2 2001 
245 0 0 |a Krásna literatúra  |b bulletin Slovenského vydavateľstva krásnej literatúry 
260 |a Bratislava  |b Slovenské vydavateľstvo krásnej literatúry  |c 1959- 
300 |a roč.  |c 24 x 17 cm 
310 |a 4x ročne  |b 1960- 
321 |a 1x mesačne  |b 1959 
362 0 |a Č. 1 (1959)- 
500 |a Zmena podnázvu: od 1/1960 Literatúra - hudba - umenie. Bulletin Slovenského vydavateľstva krásnej literatúry, od 1/1961 Bulletin Slovenského vydavateľstva krásnej literatúry 
500 |a Vych. v Bratislave mesačne, od 1/1960 4x ročne vo formáte 24 x 17 cm, od 1/1961 23 x 16,5 cm, od [1]/1965 19 x 20 cm 
500 |a Red. Michal Chorvát, od 1/1960 Ján Poničan; red. úprava Alžbeta Albrechtová, od 1/1961 red. Ján Poničan, od [1]/1965 sa neuvádza, zodp. red. Alžbeta Albrechtová od [1]/1965, graf. úpr. Dagmar Dolinská, č. 2 a 4/1961 a od 1/1962 Rudolf Totka 
500 |a Vyd. Slov. vydavateľstvo krásnej literatúry 
500 |a Tlač. Polygrafické závody 2, od 1/1960 Pravda, vyd. ÚV KSS, v 4/1960 Tlačiarne SNP v Martine, od 1/1961 Pravda, vydavateľstvo ÚV KSS, od 3/1961 Polygrafické závody, Trnava, od 4/1961 Tlačiarne Slovenského národného povstania, Martin 
505 8 0 |g Roč. 1959 6 č. po 16-32 s. 
505 8 0 |g Roč. 1960 4 č. po 16-32 s. 
505 8 0 |g Roč. 1961 4 č. po 16 s. 
505 8 0 |g Roč. 1962 4 č. po 16 s. 
505 8 0 |g Roč. 1963 4 č. po 16-24 s. 
505 8 0 |g Roč. 1964 4 č. po 28 s. 
505 8 0 |g Roč. 1965 4 č. po 16-28 s. 
515 |a Číslovanie bez dátumu 
580 |a Nadviazal na čas. Nová literatúra 
650 0 7 |a literatúra  |2 SNKPH  |9 1427 
655 7 |a literárne časopisy  |2 SNKPH  |9 125450 
700 1 |a Chorváth, Michal,  |d 1910-1982  |4 red  |9 118285 
700 1 |a Poničan, Ján  |4 red  |9 272698 
700 1 |a Albrechtová, Alžbeta,  |d 1917-  |4 red  |4 pbd  |9 37361 
700 1 |a Dolinská, Dagmar  |4 bkd  |9 268776 
700 1 |a Totka, Rudolf  |4 bkd  |9 272699 
710 2 |a Slovenské vydavateľstvo krásnej literatúry  |9 178185 
710 2 |a Polygrafické závody (Bratislava, Slovensko)  |9 157291 
710 2 |a Tlačiarenské závody Pravda (Bratislava, Slovensko)  |9 268832 
710 2 |a Tlačiarne SNP (Martin, Slovensko)  |9 160232 
710 2 |a Polygrafické závody (Bratislava, Slovensko).  |b Závod Trnava  |9 145642 
780 0 0 |t Nová literatúra 
852 |a SNK  |b 10000  |h ČSC 927 
852 |a UKB  |b 300000  |h SD 17965 
852 |a UKB  |b 300000  |h 20 D 9686 
852 |a SVKKK  |b 900000  |h B 2097 
852 |a UKB  |b 300000  |h 26 D 5595 
958 |a OND 
999 |c 8685  |d 10615 
952 |0 0  |1 0  |4 0  |7 0  |a SNK  |b SNK  |d 2016-03-09  |i snkČSP 1459/61  |l 0  |o snkČSC 927/1960 D1  |p 17A1149806  |r 2026-02-21 22:09:13  |t č. 1-12  |w 2026-02-21  |y PREZ